History of Vardan and the Armenian War /

Bibliographic Details
Main Author: Eghishē, Saint, Vardapet, -480
Other Authors: Thomson, Robert W., 1934-2018
Format: Book
Language:English
Armenian
Published: Cambridge, Mass. : Harvard University Press, 1982.
Series:Harvard Armenian texts and studies ; 5.
Subjects:

MARC

Tag First Indicator Second Indicator Subfields
LEADER 00000pam a2200000 a 4500
001 in00000050075
005 20191005063028.0
008 810910s1982 maub b 00110 eng
010 |a  81007117  
020 |a 0674403355 
035 |a (OCoLC)07835673 
035 |9 AAF4125AM 
039 0 |a 2  |b 3  |c 3  |d 3  |e 3 
040 |a DLC  |c DLC  |d TXA  |d UtOrBLW 
041 1 |a eng  |a arm 
043 |a e-ur-ai 
049 |a TXAM  |c [933226] 
050 0 0 |a DS186  |b  E3413 1982 
082 0 |a 939/.55  |2 19 
100 0 |a Eghishē,  |c Saint, Vardapet,  |d -480. 
240 1 0 |a Vasn Vardanay ew Hayotsʻ Paterazmin.  |l English 
245 1 0 |a History of Vardan and the Armenian War /  |c Elishe ; translation and commentary by Robert W. Thomson. 
264 1 |a Cambridge, Mass. :  |b Harvard University Press,  |c 1982. 
300 |a viii, 353 pages :  |b map ;  |c 24 cm. 
336 |a text  |b txt  |2 rdacontent 
337 |a unmediated  |b n  |2 rdamedia 
338 |a volume  |b nc  |2 rdacarrier 
490 1 |a Harvard Armenian texts and studies ;  |v 5 
500 |a Translation of: Vasn Vardanay ew Hayots Paterazmin. 
500 |a Includes indexes. 
504 |a Bibliography: pages 329-337. 
600 1 0 |a Vardan Mamikonian,  |c Saint,  |d -451. 
651 0 |a Armenia  |x History  |y 428-640. 
700 1 |a Thomson, Robert W.,  |d 1934-2018. 
830 0 |a Harvard Armenian texts and studies ;  |v 5. 
999 |a MARS 
999 f f |s 2472b699-4964-3861-92dc-f19257bc43f1  |i 3f88dc87-3c62-3710-8abb-7267745548c9  |t 0 
952 f f |p ric  |a Texas A&M University  |b Rellis Campus  |c Joint Library Facility  |d Remote Storage  |t 0  |e DS186 E3413 1982  |h Library of Congress classification  |i unmediated -- volume  |m A14805945236 
998 f f |a DS186 E3413 1982  |t 0  |l Remote Storage